LEADER 03930nam 2200685 450 001 9910688566403321 005 20230323172558.0 010 $a1-009-25617-3 010 $a1-009-25616-5 010 $a1-009-25614-9 035 $a(CKB)4100000012873068 035 $a(UkCbUP)CR9781009256148 035 $a(oapen)https://directory.doabooks.org/handle/20.500.12854/90943 035 $a(EXLCZ)994100000012873068 100 $a20220210e20222022 uy| 0 101 0 $aeng 135 $aur||||||||||| 181 $ctxt$2rdacontent 182 $cc$2rdamedia 183 $acr$2rdacarrier 200 10$aRituals, runaways, and the Haitian Revolution $ecollective action in the African diaspora /$fCrystal Nicole Eddins$b[electronic resource] 210 $cCambridge University Press$d2022 210 1$aCambridge :$cCambridge University Press,$d2022. 215 $a1 online resource (xv, 359 pages) $cdigital, PDF file(s) 225 1 $aCambridge studies on the African diaspora 300 $aOriginally published in 2022, ISBN 9781108843720, Reissued as Open Access in 2022. 300 $aTitle from publisher's bibliographic system (viewed on 07 Apr 2022). 311 $a1-009-25615-7 327 $a"We have a false idea of the Negro" : legacies of resistance and the African past -- In the shadow of death -- "God knows what I do" : ritual free spaces -- Mobilizing marronnage : race, collective identity, & solidarity -- Marronnage as reclamation -- Geographies of subversion : maroons, borders, and empire -- "We must stop the progress of marronnage" : repertoires and repression -- Voices of liberty : the Haitian Revolution begins. 330 $aThe Haitian Revolution was perhaps the most successful slave rebellion in modern history; it created the first and only free and independent Black nation in the Americas. This book tells the story of how enslaved Africans forcibly brought to colonial Haiti through the trans-Atlantic slave trade used their cultural and religious heritages, social networks, and labor and militaristic skills to survive horrific conditions. They built webs of networks between African and 'creole' runaways, slaves, and a small number of free people of color through rituals and marronnage - key aspects to building the racial solidarity that helped make the revolution successful. Analyzing underexplored archival sources and advertisements for fugitives from slavery, Crystal Eddins finds indications of collective consciousness and solidarity, unearthing patterns of resistance. The book fills an important gap in the existing literature on the Haitian Revolution. This title is also available as Open Access on Cambridge Core. 410 0$aCambridge studies on the African diaspora. 606 $aSlave rebellions$zHaiti$xHistory 606 $aSocial movements$zHaiti$xHistory 606 $aGroup identity$zHaiti 606 $aBlack people$zHaiti$xSocial life and customs 606 $aRites and ceremonies$zHaiti 606 $aMaroons$zHaiti$xEthnic identity 606 $aBlack people$xRace identity$zHaiti 607 $aHaiti$xHistory$yRevolution, 1791-1804$xCauses 610 $aLatin American history 610 $adiaspora history 610 $aAfro-Caribbean history 610 $aAtlantic history 610 $aLatin American studies 610 $asociology of race and ethnicity 615 0$aSlave rebellions$xHistory. 615 0$aSocial movements$xHistory. 615 0$aGroup identity 615 0$aBlack people$xSocial life and customs. 615 0$aRites and ceremonies 615 0$aMaroons$xEthnic identity. 615 0$aBlack people$xRace identity 676 $a305.896/07294 700 $aEddins$b Crystal Nicole$f1984-$01351821 801 0$bUkCbUP 801 1$bUkCbUP 906 $aBOOK 912 $a9910688566403321 996 $aRituals, runaways, and the Haitian Revolution$93136442 997 $aUNINA LEADER 03560oas 2201237 a 450 001 9910145988203321 005 20260128121304.0 011 $a1434-6052 035 $a(DE-599)ZDB1459069-4 035 $a(DE-599)1459069-4 035 $a(OCoLC)39166324 035 $a(CONSER) 2004233600 035 $a(CKB)954925624278 035 $a(EXLCZ)99954925624278 100 $a19980209a19989999 sy 101 0 $aeng 135 $aurcnu|||||||| 181 $ctxt$2rdacontent 182 $cc$2rdamedia 183 $acr$2rdacarrier 200 14$aThe European physical journal$hC$iParticles and fields 210 $aHeidelberg $cSpringer-Verlag Heidelberg$dİ1998- 300 $aRefereed/Peer-reviewed 300 $aTitle from contents screen (Springer LINK, viewed Apr. 7, 2004). 311 08$a1434-6044 517 3 $aParticles and fields 517 1 $aEPJC 517 1 $aEur. phys. j. 517 1 $aEuropean Physical Journal C, particles and fields 531 0 $aEur. phys. j., C Part. fields 606 $aParticles (Nuclear physics)$vPeriodicals 606 $aField theory (Physics)$vPeriodicals 606 $aNuclear physics$vPeriodicals 606 $aParticules (Physique nucle?aire)$vPe?riodiques 606 $aChamps, The?orie des (Physique)$vPe?riodiques 606 $a33.50 physics of elementary particles and fields: general$2bcl 606 $aField theory (Physics)$2fast$3(OCoLC)fst00923918 606 $aNuclear physics$2fast$3(OCoLC)fst01040386 606 $aParticles (Nuclear physics)$2fast$3(OCoLC)fst01054130 606 $aElementarteilchenphysik$2gnd 606 $aFeldtheorie$2gnd 606 $aHochenergiephysik$2gnd 606 $aZeitschrift$2gnd 606 $aOnline-Ressource$2gnd 606 $a33.50 physics of elementary particles and fields: general$2nbc 608 $aPeriodicals.$2fast 608 $aZeitschrift$2swd 608 $aOnline-Publikation$2swd 615 0$aParticles (Nuclear physics) 615 0$aField theory (Physics) 615 0$aNuclear physics 615 6$aParticules (Physique nucle?aire) 615 6$aChamps, The?orie des (Physique) 615 7$a33.50 physics of elementary particles and fields: general. 615 7$aField theory (Physics) 615 7$aNuclear physics. 615 7$aParticles (Nuclear physics) 615 7$aElementarteilchenphysik 615 7$aFeldtheorie 615 7$aHochenergiephysik 615 7$aZeitschrift 615 7$aOnline-Ressource 615 7$a33.50 physics of elementary particles and fields: general. 676 $a530.05 712 02$aEuropean Physical Society 712 02$aSocieta? italiana di fisica 801 0$bRBN 801 1$bRBN 801 2$bMYG 801 2$bOCL 801 2$bOCLCQ 801 2$bTWT 801 2$bGUA 801 2$bMUQ 801 2$bOCL 801 2$bCLU 801 2$bOCLCQ 801 2$bUKMGB 801 2$bOCLCQ 801 2$bOCLCO 801 2$bOCLCQ 801 2$bBUF 801 2$bOCLCF 801 2$bOCLCO 801 2$bOCLCQ 801 2$bDEFHM 801 2$bOCLCO 801 2$bOCLCA 801 2$bNTG 801 2$bAU@ 801 2$bOCLCQ 801 2$bDLC 801 2$bVT2 801 2$bUHL 801 2$bUKBTH 801 2$bLIP 801 2$bOCLCQ 801 2$bSFB 801 2$bOCLCQ 801 2$bOCLCA 801 2$bOCLCL 801 2$bOCLCQ 906 $aJOURNAL 912 $a9910145988203321 996 $aThe European physical journal$91896345 997 $aUNINA